000 00364 a2200145 4500
001 170567
020 _a
040 _cMagnum
100 _aFundacao Banco do Brasil
240 1 0 _aCabral: o viajante do rei/as origens do brasil
_lpor
245 1 0 _aCabral: o viajante do rei/as origens do brasil
362 0 _a1899
697 _aHISTORIA DO BRASIL
942 _cBK
999 _c170567
_d170567